<?xml version="1.0" encoding="UTF-8"?>
<record
    xmlns:xsi="http://www.w3.org/2001/XMLSchema-instance"
    xsi:schemaLocation="http://www.loc.gov/MARC21/slim http://www.loc.gov/standards/marcxml/schema/MARC21slim.xsd"
    xmlns="http://www.loc.gov/MARC21/slim">

  <leader>00519nam a22001817a 4500</leader>
  <datafield tag="999" ind1=" " ind2=" ">
    <subfield code="c">35781</subfield>
    <subfield code="d">35781</subfield>
  </datafield>
  <controlfield tag="003">OSt</controlfield>
  <controlfield tag="005">20220729143444.0</controlfield>
  <controlfield tag="008">220729b           ||||| |||| 00| 0 spa d</controlfield>
  <datafield tag="040" ind1=" " ind2=" ">
    <subfield code="c">Biblioteca Ernesto S&#xE1;bato</subfield>
  </datafield>
  <datafield tag="092" ind1=" " ind2=" ">
    <subfield code="a">184</subfield>
    <subfield code="b">P718</subfield>
    <subfield code="e">BDGR</subfield>
  </datafield>
  <datafield tag="100" ind1=" " ind2=" ">
    <subfield code="a">Plat&#xF3;n</subfield>
  </datafield>
  <datafield tag="245" ind1=" " ind2=" ">
    <subfield code="a">Obras completas</subfield>
  </datafield>
  <datafield tag="260" ind1=" " ind2=" ">
    <subfield code="a">Buenos Aires</subfield>
    <subfield code="b">Bibliogr&#xE1;fica Omeba</subfield>
    <subfield code="c">1967</subfield>
  </datafield>
  <datafield tag="300" ind1=" " ind2=" ">
    <subfield code="a">3 v. (2388 p.)                                                    </subfield>
  </datafield>
  <datafield tag="650" ind1=" " ind2=" ">
    <subfield code="a">FILOSOFIA GRIEGA</subfield>
  </datafield>
  <datafield tag="650" ind1=" " ind2=" ">
    <subfield code="a">FILOSOFIA PLATONICA</subfield>
  </datafield>
  <datafield tag="942" ind1=" " ind2=" ">
    <subfield code="2">ddc</subfield>
    <subfield code="c">BDGR</subfield>
  </datafield>
  <datafield tag="952" ind1=" " ind2=" ">
    <subfield code="0">0</subfield>
    <subfield code="1">0</subfield>
    <subfield code="2">ddc</subfield>
    <subfield code="4">0</subfield>
    <subfield code="7">0</subfield>
    <subfield code="a">AR-FADEU</subfield>
    <subfield code="b">AR-FADEU</subfield>
    <subfield code="d">2022-07-29</subfield>
    <subfield code="i">26355</subfield>
    <subfield code="l">0</subfield>
    <subfield code="o">184 P718</subfield>
    <subfield code="p">26355</subfield>
    <subfield code="r">2022-07-29 00:00:00</subfield>
    <subfield code="w">2022-07-29</subfield>
    <subfield code="y">BDGR</subfield>
    <subfield code="z">v. 1</subfield>
  </datafield>
  <datafield tag="952" ind1=" " ind2=" ">
    <subfield code="0">0</subfield>
    <subfield code="1">0</subfield>
    <subfield code="2">ddc</subfield>
    <subfield code="4">0</subfield>
    <subfield code="7">0</subfield>
    <subfield code="a">AR-FADEU</subfield>
    <subfield code="b">AR-FADEU</subfield>
    <subfield code="d">2022-07-29</subfield>
    <subfield code="i">26356</subfield>
    <subfield code="l">0</subfield>
    <subfield code="o">184 P718</subfield>
    <subfield code="p">26356</subfield>
    <subfield code="r">2022-07-29 00:00:00</subfield>
    <subfield code="w">2022-07-29</subfield>
    <subfield code="y">BDGR</subfield>
    <subfield code="z">v. 2</subfield>
  </datafield>
  <datafield tag="952" ind1=" " ind2=" ">
    <subfield code="0">0</subfield>
    <subfield code="1">0</subfield>
    <subfield code="2">ddc</subfield>
    <subfield code="4">0</subfield>
    <subfield code="7">0</subfield>
    <subfield code="a">AR-FADEU</subfield>
    <subfield code="b">AR-FADEU</subfield>
    <subfield code="d">2022-07-29</subfield>
    <subfield code="i">26357</subfield>
    <subfield code="l">0</subfield>
    <subfield code="o">184 P718</subfield>
    <subfield code="p">26357</subfield>
    <subfield code="r">2022-07-29 00:00:00</subfield>
    <subfield code="w">2022-07-29</subfield>
    <subfield code="y">BDGR</subfield>
    <subfield code="z">v.3</subfield>
  </datafield>
</record>
